Efecto de desparasitantes químicos sobre el comportamiento productivo de hembras y machos, en conejos postdestete / (Record no. 110554)
[ view plain ]
| 000 -CABECERA | |
|---|---|
| campo de control de longitud fija | 01247nam a2200337 a 4500 |
| 001 - NÚMERO DE CONTROL | |
| campo de control | 000114093 |
| 003 - IDENTIFICADOR DEL NÚMERO DE CONTROL | |
| campo de control | CHAP |
| 005 - FECHA Y HORA DE LA ÚLTIMA TRANSACCIÓN | |
| campo de control | 20220329144426.0 |
| 008 - DATOS DE LONGITUD FIJA--INFORMACIÓN GENERAL | |
| campo de control de longitud fija | 171027s2016 mx a fsm |||||||spa d |
| 010 ## - NÚMERO DE CONTROL DE LA BIBLIOTECA DEL CONGRESO | |
| Número de control de LC | 110554 |
| 011 ## - ENLACE DEL NUMERO DE CONTROL DE LA BIBLIOTECA DEL CONGRESO [OBSOLETO] | |
| Número de control de LC | 111526 |
| 040 ## - FUENTE DE LA CATALOGACIÓN | |
| Centro/agencia transcriptor | CHAP |
| 090 ## - LOCALMENTE ASIGNADO TIPO-LC NÚMERO DE CLASIFICACIÓN (OCLC); NÚMERO DE CLASIFICACIÓN LOCAL (RLIN) | |
| Número de clasificación (OCLC) (R) ; Numero de clasificación, CALL (RLIN) (NR) | Tesis |
| 100 1# - ENTRADA PRINCIPAL--NOMBRE DE PERSONA | |
| Nombre de persona | Decena Alegre, Ivan Uriel |
| 9 (RLIN) | 133969 |
| 245 10 - MENCIÓN DE TÍTULO | |
| Título | Efecto de desparasitantes químicos sobre el comportamiento productivo de hembras y machos, en conejos postdestete / |
| Medio | [En línea] |
| Mención de responsabilidad, etc. | por Ivan Uriel Decena Alegre. |
| 260 ## - PUBLICACIÓN, DISTRIBUCIÓN, ETC. | |
| Lugar de publicación, distribución, etc. | Chapingo, Méx. : |
| Nombre del editor, distribuidor, etc. | El autor, |
| Fecha de publicación, distribución, etc. | 2016. |
| 500 ## - NOTA GENERAL | |
| Nota general | Para ver el contenido del material haga clic en la liga |
| 502 ## - NOTA DE TESIS | |
| Nota de tesis | Tesis (Ing. Agrónomo Zootecnista) -- Colegio Superior Agropecuario del Estado de Guerrero |
| 590 ## - NOTA LOCAL (RLIN) | |
| Nota local | E8697GMM |
| Procedencia (VM) [OBSOLETO] | 05 |
| Condición del los carretes individuales (VM) [OBSOLETO] | 20171027 |
| -- | UCH01 |
| -- | 1157 |
| 590 ## - NOTA LOCAL (RLIN) | |
| Nota local | E8697GMM |
| Procedencia (VM) [OBSOLETO] | 05 |
| Condición del los carretes individuales (VM) [OBSOLETO] | 20171027 |
| -- | UCH01 |
| -- | 1635 |
| 590 ## - NOTA LOCAL (RLIN) | |
| Nota local | E8697GMM |
| Procedencia (VM) [OBSOLETO] | 05 |
| Condición del los carretes individuales (VM) [OBSOLETO] | 20171103 |
| -- | UCH01 |
| -- | 0913 |
| 590 ## - NOTA LOCAL (RLIN) | |
| Nota local | E8697GMM |
| Procedencia (VM) [OBSOLETO] | 05 |
| Condición del los carretes individuales (VM) [OBSOLETO] | 20171103 |
| -- | UCH01 |
| -- | 0914 |
| 650 14 - PUNTO DE ACCESO ADICIONAL DE MATERIA--TÉRMINO DE MATERIA | |
| Término de materia o nombre geográfico como elemento de entrada | Conejos |
| Subdivisión general | Alimentación. |
| 9 (RLIN) | 26353 |
| 650 14 - PUNTO DE ACCESO ADICIONAL DE MATERIA--TÉRMINO DE MATERIA | |
| Término de materia o nombre geográfico como elemento de entrada | Conejos |
| Subdivisión general | Parásitos. |
| 9 (RLIN) | 26373 |
| 650 14 - PUNTO DE ACCESO ADICIONAL DE MATERIA--TÉRMINO DE MATERIA | |
| Término de materia o nombre geográfico como elemento de entrada | Conejos |
| Subdivisión general | Peso. |
| 9 (RLIN) | 26374 |
| 650 14 - PUNTO DE ACCESO ADICIONAL DE MATERIA--TÉRMINO DE MATERIA | |
| Término de materia o nombre geográfico como elemento de entrada | Conejos |
| Subdivisión general | Producción. |
| 9 (RLIN) | 26375 |
| 856 ## - LOCALIZACIÓN Y ACCESO ELECTRÓNICOS | |
| Nombre del host | Finding aid |
| Identificador Uniforme del Recurso | <a href="http://10.13.5.2/tesis/sist114093.pdf">http://10.13.5.2/tesis/sist114093.pdf</a> |
| Nota pública | Teclea aquí |
| 901 ## - ELEMENTOS DE DATOS A LOCAL LDA (RLIN) | |
| a | BK |
| 942 ## - ELEMENTOS DE PUNTO DE ACCESO ADICIONAL (KOHA) | |
| Tipo de ítem Koha | Tesis |
| 942 ## - ELEMENTOS DE PUNTO DE ACCESO ADICIONAL (KOHA) | |
| Suprimir en OPAC | 0 |
| Estado de retiro | Estado de pérdida | Estado dañado | Restricciones de uso | No para préstamo | Código de colección | Localización permanente | Ubicación/localización actual | Fecha de adquisición | Información codificada de la localización en otra ubicación | Total de préstamos | Signatura topográfica completa | Código de barras | Fecha visto por última vez | Precio válido a partir de | Tipo de ítem Koha | Nota pública |
|---|---|---|---|---|---|---|---|---|---|---|---|---|---|---|---|---|
| Préstamo interno2 | Excluido de préstamo | Tesis | Biblioteca Central | Biblioteca Central | 27/10/2017 | TESIS | Tesis | 114094-10 | 31/12/2019 | 31/12/2019 | Tesis | Recien adquirido |
